| 000 | 00901nac a22002537a 4500 | ||
|---|---|---|---|
| 001 | BR7316093 | ||
| 003 | BR-BrBNA | ||
| 005 | 20240105113651.0 | ||
| 008 | 230509b bl.|||m| |||| 00| 0 por d | ||
| 040 |
_aBR-BrBNA _bpor _cBiblioteca Nacional de Agricultura |
||
| 072 | _aQ10 | ||
| 090 | _a2290 BR7316093 | ||
| 100 | 1 | _aBrilho, C.C. | |
| 110 | 1 | _aSecretaria da Agricultura do Estado de Sao Paulo, Sao Paulo (Brasil). Diretoria de Publicidade Agricola | |
| 245 | 1 | _aDestilacao do oleo da menta, instalacoes para destilacao do oleo essencial da menta | |
| 260 | 3 |
_aSao Paulo, SP (Brasil): _c1953. |
|
| 300 | _a24 p. | ||
| 490 |
_aPublicacao - Secretaria da Agricultura do Estado de Sao Paulo. Diretoria de Publicidade Agricola (Brazil) _vno. 844 _x |
||
| 650 | _aMENTA | ||
| 650 | _aOLEO | ||
| 650 | _aDESTILACAO | ||
| 909 |
_a202312 _bLúcia Elande _c55 _dLúcia Elande |
||
| 942 |
_2AGRIS _n0 _cMS |
||
| 999 |
_c264886 _d264886 |
||